The Dinner (All Lyrics) - Role Model - Statistics

General Stats
  • This quiz has been taken 21 times
  • The average score is 178 of 260
Answer Stats
Answer % Correct
a
100%
'bout
100%
Earth
100%
he
100%
He
100%
hell
100%
Hell
100%
I
100%
in
100%
investments,
100%
it
100%
on
100%
talking
100%
the
100%
was
100%
an
92%
And
92%
and
92%
bragging
92%
dinner
92%
guess
92%
Guess
92%
guestlist,
92%
had
92%
it's
92%
It's
92%
me
92%
she
92%
to
92%
as
83%
As
83%
go
83%
my
83%
Ozempic
83%
you
83%
got
75%
her
75%
not
75%
"See
75%
time
75%
up
75%
Well,
75%
when
75%
who
75%
angel
67%
anymore
67%
back
67%
click
67%
find
67%
food
67%
hard
67%
heels
67%
home
67%
Kansas
67%
kitchen
67%
LA
67%
later,"
67%
send
67%
so
67%
So
67%
table
67%
Take
67%
take
67%
that
67%
they
67%
three
67%
times,
67%
told
67%
Where
67%
but
58%
Came
58%
came
58%
could
58%
different,
58%
for
58%
get
58%
gets
58%
is
58%
know
58%
left
58%
listen,
58%
much
58%
Said
58%
seemed
58%
something
58%
Sometimes,
58%
unstable,
58%
wanted
58%
We're
58%
worse?
58%
asking
50%
at
50%
best
50%
favor,
50%
feeling
50%
like
50%
never
50%
nose
50%
oh
50%
tried
50%
what
50%
What
50%
bills
42%
cocaine
42%
Don't
42%
'em
42%
gave
42%
labor
42%
more
42%
of
42%
paid
42%
there's
42%
way
42%
born
33%
child
33%
common
33%
door
33%
England
33%
gotten
33%
have
33%
here
33%
I'm
33%
job
33%
mother,
33%
New
33%
out
33%
pass
33%
raised
33%
sense
33%
sign
33%
start
33%
struggled,
33%
unashamed
33%
unemployed
33%
walking
33%
welcome
33%
been
25%
coat,
25%
goodbye,
25%
if
25%
skip
25%
tonight
25%
trouble,
25%
even
17%
Grab
17%
hit
17%
notice
17%
Pockets
17%
road
17%
showed
17%
Swear
17%
wouldn't
17%
always
8%
No matching quizzes found
Score Distribution
Percent of People with Each Score
Percentile by Number Answered
Your Score History
You have not taken this quiz